[Event "ODJM A 2024"]
[Site "Willingen GER"]
[Date "2024.05.24"]
[Round "8"]
[White "Berelowitsch, Dana"]
[Black "Klahold, Rona"]
[Result "0-1"]
[Termination "normal"]
[Board "33"]
[WhiteElo "1906"]
[BlackElo "1779"]
[WhiteClock "00:10:12"]
[BlackClock "00:09:33"]
[PlyCount "76"]
[WhiteFideId "12977144"]
[BlackFideId "16222970"]
[EventCountry "GER"]
[EventRounds "9"]
[EventType "swiss"]
[EventDate "2024.05.18"]

1. e4 {[%clk 01:30:58]} Nf6 {[%clk 01:30:54]} {[%emt 00:00:07]} 2. e5 {[%clk
01:31:08]} {[%emt 00:00:20]} Nd5 {[%clk 01:31:16]} {[%emt 00:00:08]} 3. d4
{[%clk 01:31:04]} {[%emt 00:00:34]} d6 {[%clk 01:31:36]} {[%emt 00:00:10]} 4.
Nf3 {[%clk 01:22:56]} {[%emt 00:08:38]} g6 {[%clk 01:29:15]} {[%emt 00:02:51]}
5. Bc4 {[%clk 01:20:29]} {[%emt 00:02:57]} Nb6 {[%clk 01:28:07]} {[%emt
00:01:37]} 6. Bxf7+ {[%clk 01:12:58]} {[%emt 00:08:02]} Kxf7 {[%clk 01:28:04]}
{[%emt 00:00:34]} 7. Ng5+ {[%clk 01:13:11]} {[%emt 00:00:16]} Kg8 {[%clk
01:27:47]} {[%emt 00:00:48]} 8. e6 {[%clk 01:12:05]} {[%emt 00:01:36]} Qe8
{[%clk 01:18:46]} {[%emt 00:09:31]} 9. Nf7 {[%clk 01:05:18]} {[%emt 00:07:17]}
Bxe6 {[%clk 01:18:04]} {[%emt 00:01:12]} 10. Nxh8 {[%clk 01:05:32]} {[%emt
00:00:16]} Kxh8 {[%clk 01:17:49]} {[%emt 00:00:45]} 11. Nc3 {[%clk 01:04:11]}
{[%emt 00:01:51]} Bg7 {[%clk 01:17:18]} {[%emt 00:01:01]} 12. Be3 {[%clk
01:02:39]} {[%emt 00:02:02]} Nc6 {[%clk 01:11:28]} {[%emt 00:06:19]} 13. O-O
{[%clk 01:00:25]} {[%emt 00:02:44]} Qf7 {[%clk 01:07:33]} {[%emt 00:04:25]} 14.
Ne4 {[%clk 00:56:27]} {[%emt 00:04:27]} Qf5 {[%clk 01:00:28]} {[%emt 00:07:36]}
15. Ng3 {[%clk 00:53:05]} {[%emt 00:03:51]} Qb5 {[%clk 00:54:58]} {[%emt
00:06:01]} 16. h4 {[%clk 00:41:44]} {[%emt 00:11:50]} h5 {[%clk 00:47:08]}
{[%emt 00:08:20]} 17. Ne2 {[%clk 00:32:56]} {[%emt 00:09:18]} Bg4 {[%clk
00:33:32]} {[%emt 00:14:07]} 18. f3 {[%clk 00:30:50]} {[%emt 00:02:36]} Nd5
{[%clk 00:28:44]} {[%emt 00:05:18]} 19. Bg5 {[%clk 00:27:11]} {[%emt 00:04:08]}
Bf5 {[%clk 00:27:30]} {[%emt 00:01:45]} 20. Qd2 {[%clk 00:19:43]} {[%emt
00:07:58]} Qxb2 {[%clk 00:18:36]} {[%emt 00:09:24]} 21. g4 {[%clk 00:17:16]}
{[%emt 00:02:56]} hxg4 {[%clk 00:16:52]} {[%emt 00:02:15]} 22. fxg4 {[%clk
00:14:25]} {[%emt 00:03:21]} Bxg4 {[%clk 00:16:23]} {[%emt 00:00:58]} 23. Bh6
{[%clk 00:10:50]} {[%emt 00:04:05]} Bxd4+ {[%clk 00:14:36]} {[%emt 00:02:18]}
24. Kg2 {[%clk 00:10:25]} {[%emt 00:00:55]} Nf6 {[%clk 00:11:24]} {[%emt
00:03:42]} 25. Rab1 {[%clk 00:09:56]} {[%emt 00:01:00]} Qa3 {[%clk 00:08:45]}
{[%emt 00:03:08]} 26. Nxd4 {[%clk 00:09:29]} {[%emt 00:00:58]} Qh3+ {[%clk
00:09:02]} {[%emt 00:00:13]} 27. Kg1 {[%clk 00:09:50]} {[%emt 00:00:09]} Nxd4
{[%clk 00:08:38]} {[%emt 00:00:55]} 28. Qxd4 {[%clk 00:08:11]} {[%emt
00:02:08]} Qg3+ {[%clk 00:08:49]} {[%emt 00:00:19]} 29. Kh1 {[%clk 00:08:29]}
{[%emt 00:00:13]} Qxh4+ {[%clk 00:08:48]} {[%emt 00:00:31]} 30. Kg1 {[%clk
00:08:43]} {[%emt 00:00:16]} Qg3+ {[%clk 00:07:55]} {[%emt 00:01:23]} 31. Kh1
{[%clk 00:09:07]} {[%emt 00:00:06]} Qh3+ {[%clk 00:08:22]} {[%emt 00:00:03]}
32. Kg1 {[%clk 00:09:32]} {[%emt 00:00:05]} Qg3+ {[%clk 00:08:38]} {[%emt
00:00:14]} 33. Kh1 {[%clk 00:09:56]} {[%emt 00:00:05]} Bf3+ {[%clk 00:09:01]}
{[%emt 00:00:08]} 34. Rxf3 {[%clk 00:09:51]} {[%emt 00:00:35]} Qxf3+ {[%clk
00:09:24]} {[%emt 00:00:07]} 35. Kg1 {[%clk 00:10:01]} {[%emt 00:00:20]} Qg4+
{[%clk 00:09:23]} {[%emt 00:00:30]} 36. Qxg4 {[%clk 00:10:08]} {[%emt
00:00:23]} Nxg4 {[%clk 00:09:51]} {[%emt 00:00:02]} 37. Bg5 {[%clk 00:10:27]}
{[%emt 00:00:12]} b6 {[%clk 00:09:18]} {[%emt 00:01:03]} 38. Bxe7 {[%clk
00:10:12]} {[%emt 00:00:44]} Re8 {[%clk 00:09:33]} {[%emt 00:00:15]} 0-1